[Event "Is Bankasi Online Satranc Turn.19-20 YAS"]
[Site "T#646377Mustafa Kemal"]
[Date "2020.05.27"]
[Round "2"]
[White "Tunaozates54"]
[Black "Koraypehlivano52"]
[Result "0-1"]
[WhiteElo "1718"]
[BlackElo "1620"]
[Annotator "NA RC"]
[PlyCount "44"]
[EventDate "2020.05.27"]
[EventType "swiss (blitz)"]

1. e4 {[%emt 0:00:02]} e5 {[%emt 0:00:02]} 2. Nf3 {[%emt 0:00:01]} Nc6 {[%emt 0:00:02]} 3. Bc4 {[%emt 0:00:04]} Nd4 {[%emt 0:00:02]} 4. c3 {[%emt 0:00:03]} Nxf3+ {[%emt 0:00:03]} 5. Qxf3 {[%emt 0:00:04]} f6 {[%emt 0:00:01]} 6. Bxg8 {[%emt 0:00:05]} Rxg8 {[%emt 0:00:04]} 7. Qh5+ {[%emt 0:00:01]} g6 {[%emt 0:00:06]} 8. Qxh7 {[%emt 0:00:01]} Rg7 {[%emt 0:00:05]} 9. Qh4 {[%emt 0:00:05]} d6 {[%emt 0:00:06]} 10. d3 {[%emt 0:00:03]} Be6 {[%emt 0:00:12]} 11. O-O {[%emt 0:00:05]} Qe7 {[%emt 0:00:08]} 12. Na3 {[%emt 0:00:07]} O-O-O {[%emt 0:00:04]} 13. Nb5 {[%emt 0:00:01]} a6 {[%emt 0:00:08]} 14. Na3 {[%emt 0:00:01]} Kb8 {[%emt 0:00:05]} 15. Be3 {[%emt 0:00:04]} Rh7 {[%emt 0:00:05]} 16. Qg3 {[%emt 0:00:03]} g5 {[%emt 0:00:10]} 17. Nc4 {[%emt 0:00:06]} Bxc4 {[%emt 0:00:11]} 18. dxc4 {[%emt 0:00:00]} Qe6 {[%emt 0:00:09]} 19. b3 {[%emt 0:00:04]} Be7 {[%emt 0:00:10]} 20. a4 {[%emt 0:00:11]} Rdh8 {[%emt 0:00:08]} 21. h3 {[%emt 0:00:01]} g4 {[%emt 0:00:07]} 22. hxg4 {[%emt 0:00:05]} Rh1# {[%emt 0:00:08] (Lag: Av=0.73s, max=1.2s)} 0-1

[Event "Is Bankasi Online Satranc Turn.19-20 YAS"]
[Site "T#646377Mustafa Kemal"]
[Date "2020.05.27"]
[Round "2"]
[White "Farukyazici26"]
[Black "Dincertasdogen32"]
[Result "0-1"]
[WhiteElo "1644"]
[BlackElo "1620"]
[Annotator "NA RC"]
[PlyCount "70"]
[EventDate "2020.05.27"]
[EventType "swiss (blitz)"]

1. e4 {[%emt 0:00:03]} g6 {[%emt 0:00:01]} 2. c3 {[%emt 0:00:02]} Bg7 {[%emt 0:00:00]} 3. d4 {[%emt 0:00:00]} d6 {[%emt 0:00:02]} 4. Bd3 {[%emt 0:00:01]} Nf6 {[%emt 0:00:00]} 5. Nf3 {[%emt 0:00:04]} O-O {[%emt 0:00:01]} 6. O-O {[%emt 0:00:01]} c5 {[%emt 0:00:00]} 7. Be3 {[%emt 0:00:02]} b6 {[%emt 0:00:05]} 8. Nbd2 {[%emt 0:00:05]} Bb7 {[%emt 0:00:01]} 9. d5 {[%emt 0:00:04]} Na6 {[%emt 0:00:07]} 10. h3 {[%emt 0:00:13]} Re8 {[%emt 0:00:11]} 11. c4 {[%emt 0:00:08]} e6 {[%emt 0:00:13]} 12. Qc1 {[%emt 0:00:07]} Rc8 {[%emt 0:00:12]} 13. Re1 {[%emt 0:00:01]} exd5 {[%emt 0:00:03]} 14. exd5 {[%emt 0:00:01]} b5 {[%emt 0:00:02]} 15. cxb5 {[%emt 0:00:21]} Nb4 {[%emt 0:00:02]} 16. Bc4 {[%emt 0:00:16]} Nfxd5 {[%emt 0:00:01]} 17. Nf1 {[%emt 0:00:17]} Nxe3 {[%emt 0:00:02]} 18. Nxe3 {[%emt 0:00:02]} d5 {[%emt 0:00:01]} 19. Rd1 {[%emt 0:00:20]} d4 {[%emt 0:00:15]} 20. Nc2 {[%emt 0:00:26]} Bxf3 {[%emt 0:00:08]} 21. gxf3 {[%emt 0:00:06]} Nxc2 {[%emt 0:00:07]} 22. Qxc2 {[%emt 0:00:01]} Qg5+ {[%emt 0:00:00]} 23. Kh1 {[%emt 0:00:11]} Qf4 {[%emt 0:00:02]} 24. Re1 {[%emt 0:00:45]} Be5 {[%emt 0:00:05]} 25. Rxe5 {[%emt 0:00:01]} Qxf3+ {[%emt 0:00:03]} 26. Kh2 {[%emt 0:00:02]} Rxe5 {[%emt 0:00:00]} 27. Rg1 {[%emt 0:00:06]} Qf4+ {[%emt 0:00:07]} 28. Rg3 {[%emt 0:00:03]} Rf5 {[%emt 0:00:01]} 29. f3 {[%emt 0:00:04]} Rg5 {[%emt 0:00:02]} 30. Qf2 {[%emt 0:00:02]} Re8 {[%emt 0:00:00]} 31. Kg2 {[%emt 0:00:03]} Re3 {[%emt 0:00:04]} 32. Rxg5 {[%emt 0:00:02]} Qxg5+ {[%emt 0:00:00]} 33. Kh2 {[%emt 0:00:01]} d3 {[%emt 0:00:02]} 34. b6 {[%emt 0:00:04]} axb6 {[%emt 0:00:01]} 35. a4 {[%emt 0:00:01]} Re2 {[%emt 0:00:01] Farukyazici26 terk eder (Lag: Av=0.71s, max=0.8s)} 0-1

[Event "Is Bankasi Online Satranc Turn.19-20 YAS"]
[Site "T#646377Mustafa Kemal"]
[Date "2020.05.27"]
[Round "2"]
[White "Abdullahdoguka16"]
[Black "Kadirakin18"]
[Result "1-0"]
[WhiteElo "1620"]
[BlackElo "1620"]
[Annotator "NA RC"]
[PlyCount "67"]
[EventDate "2020.05.27"]
[EventType "swiss (blitz)"]

1. e4 {[%emt 0:00:08]} c5 {[%emt 0:00:03]} 2. Nf3 {[%emt 0:00:02]} e6 {[%emt 0:00:01]} 3. d4 {[%emt 0:00:02]} cxd4 {[%emt 0:00:00]} 4. Nxd4 {[%emt 0:00:00]} Nf6 {[%emt 0:00:00]} 5. Nc3 {[%emt 0:00:02]} d6 {[%emt 0:00:01]} 6. Bg5 {[%emt 0:00:03]} Be7 {[%emt 0:00:01]} 7. f4 {[%emt 0:00:01]} a6 {[%emt 0:00:01]} 8. Qe2 {[%emt 0:00:02]} Nbd7 {[%emt 0:00:03]} 9. O-O-O {[%emt 0:00:01]} Qc7 {[%emt 0:00:02]} 10. g4 {[%emt 0:00:01]} b5 {[%emt 0:00:04]} 11. Bg2 {[%emt 0:00:01]} Bb7 {[%emt 0:00:02]} 12. Rhe1 {[%emt 0:00:01]} Rc8 {[%emt 0:00:05]} 13. h4 {[%emt 0:00:02]} h6 {[%emt 0:00:05]} 14. Bxf6 {[%emt 0:00:02]} Nxf6 {[%emt 0:00:02]} 15. g5 {[%emt 0:01:06]} hxg5 {[%emt 0:00:09]} 16. hxg5 {[%emt 0:00:00]} Nh5 {[%emt 0:00:01]} 17. g6 {[%emt 0:00:26]} Nxf4 {[%emt 0:00:19]} 18. gxf7+ {[%emt 0:00:02]} Kxf7 {[%emt 0:00:20]} 19. Qg4 {[%emt 0:00:31]} e5 {[%emt 0:00:35]} 20. Rf1 {[%emt 0:00:04]} Bf6 {[%emt 0:00:10]} 21. Nf5 {[%emt 0:00:48]} Rcd8 {[%emt 0:00:26]} 22. Rd2 {[%emt 0:00:15]} b4 {[%emt 0:00:03]} 23. Nb1 {[%emt 0:00:03]} Rh2 {[%emt 0:00:05]} 24. Rfd1 {[%emt 0:00:02]} Rxg2 {[%emt 0:00:08]} 25. Rxg2 {[%emt 0:00:00]} Nxg2 {[%emt 0:00:01]} 26. Qxg2 {[%emt 0:00:00]} Bc8 {[%emt 0:00:11]} 27. Qd2 {[%emt 0:00:04]} Bxf5 {[%emt 0:00:01]} 28. exf5 {[%emt 0:00:00]} d5 {[%emt 0:00:10]} 29. Qxb4 {[%emt 0:00:02]} Rc8 {[%emt 0:00:03]} 30. c3 {[%emt 0:00:03]} d4 {[%emt 0:00:17]} 31. Qb3+ {[%emt 0:00:03]} Kf8 {[%emt 0:00:01]} 32. Rh1 {[%emt 0:00:04]} Qc5 {[%emt 0:00:27]} 33. Rh8+ {[%emt 0:00:02]} Ke7 {[%emt 0:00:01]} 34. Qe6# {[%emt 0:00:01] (Lag: Av=0.93s, max=1.3s)} 1-0

[Event "Is Bankasi Online Satranc Turn.19-20 YAS"]
[Site "T#646377Mustafa Kemal"]
[Date "2020.05.27"]
[Round "2"]
[White "Halityavuzibik00"]
[Black "Egekargin94"]
[Result "1-0"]
[WhiteElo "1620"]
[BlackElo "1620"]
[Annotator "NA RC"]
[PlyCount "43"]
[EventDate "2020.05.27"]
[EventType "swiss (blitz)"]

1. e4 {[%emt 0:00:03]} d6 {[%emt 0:00:01]} 2. d4 {[%emt 0:00:01]} Nf6 {[%emt 0:00:01]} 3. f3 {[%emt 0:00:07]} g6 {[%emt 0:00:01]} 4. c4 {[%emt 0:00:01]} Bg7 {[%emt 0:00:01]} 5. Nc3 {[%emt 0:00:02]} Nc6 {[%emt 0:00:02]} 6. Be3 {[%emt 0:00:01]} O-O {[%emt 0:00:02]} 7. Qd2 {[%emt 0:00:01]} e5 {[%emt 0:00:01]} 8. d5 {[%emt 0:00:03]} Ne7 {[%emt 0:00:01]} 9. O-O-O {[%emt 0:00:06]} Ne8 {[%emt 0:00:03]} 10. g4 {[%emt 0:00:03]} f5 {[%emt 0:00:02]} 11. gxf5 {[%emt 0:00:01]} gxf5 {[%emt 0:00:01]} 12. Bh6 {[%emt 0:00:02]} f4 {[%emt 0:00:04]} 13. Bxg7 {[%emt 0:00:01]} Nxg7 {[%emt 0:00:01]} 14. Bh3 {[%emt 0:00:12]} Ng6 {[%emt 0:00:02]} 15. Bxc8 {[%emt 0:00:09]} Qxc8 {[%emt 0:00:01]} 16. h4 {[%emt 0:00:01]} Nh5 {[%emt 0:00:02]} 17. Qg2 {[%emt 0:00:20]} Kh8 {[%emt 0:00:05]} 18. Nge2 {[%emt 0:00:21]} Rg8 {[%emt 0:00:02]} 19. Qg5 {[%emt 0:00:01]} Ng3 {[%emt 0:00:22]} 20. Nxg3 {[%emt 0:00:04]} fxg3 {[%emt 0:00:01]} 21. h5 {[%emt 0:00:37]} h6 {[%emt 0:00:13]} 22. Qxh6# {[%emt 0:00:05] (Lag: Av=0.56s, max=1.0s)} 1-0

[Event "Is Bankasi Online Satranc Turn.19-20 YAS"]
[Site "T#646377Mustafa Kemal"]
[Date "2020.05.27"]
[Round "2"]
[White "Hamitalphanmet52"]
[Black "Okanozsakallio94"]
[Result "0-1"]
[WhiteElo "1620"]
[BlackElo "1620"]
[Annotator "NA RC"]
[PlyCount "40"]
[EventDate "2020.05.27"]
[EventType "swiss (blitz)"]

1. e4 {[%emt 0:00:03]} c5 {[%emt 0:00:01]} 2. Nf3 {[%emt 0:00:02]} e6 {[%emt 0:00:00]} 3. Bc4 {[%emt 0:00:01]} a6 {[%emt 0:00:02]} 4. a4 {[%emt 0:00:04]} Nc6 {[%emt 0:00:03]} 5. d3 {[%emt 0:00:04]} Nf6 {[%emt 0:00:01]} 6. Bg5 {[%emt 0:00:03]} Be7 {[%emt 0:00:04]} 7. Qd2 {[%emt 0:00:03]} d5 {[%emt 0:00:02]} 8. exd5 {[%emt 0:00:03]} exd5 {[%emt 0:00:00]} 9. Bb3 {[%emt 0:00:03]} O-O {[%emt 0:00:01]} 10. O-O {[%emt 0:00:02]} Be6 {[%emt 0:00:03]} 11. Re1 {[%emt 0:00:11]} b5 {[%emt 0:00:02]} 12. c3 {[%emt 0:00:24]} c4 {[%emt 0:00:29]} 13. Bc2 {[%emt 0:00:11]} b4 {[%emt 0:00:02]} 14. cxb4 {[%emt 0:00:12]} Rb8 {[%emt 0:00:14]} 15. Bxf6 {[%emt 0:00:10]} Bxf6 {[%emt 0:00:02]} 16. d4 {[%emt 0:00:23]} Rxb4 {[%emt 0:00:12]} 17. Nc3 {[%emt 0:00:06]} Qb6 {[%emt 0:00:05]} 18. Reb1 {[%emt 0:00:42]} Nxd4 {[%emt 0:00:03]} 19. Nxd4 {[%emt 0:00:09]} Qxd4 {[%emt 0:00:01]} 20. Ne2 {[%emt 0:00:07]} Qxd2 {[%emt 0:00:02] Hamitalphanmet52 resigns (Lag: Av=0.46s, max=0.8s)} 0-1

[Event "Is Bankasi Online Satranc Turn.19-20 YAS"]
[Site "T#646377Mustafa Kemal"]
[Date "2020.05.27"]
[Round "2"]
[White "ahmetosmanonar60"]
[Black "Berkerenkalayc80"]
[Result "1-0"]
[WhiteElo "1620"]
[BlackElo "1620"]
[Annotator "NA RC"]
[PlyCount "139"]
[EventDate "2020.05.27"]
[EventType "swiss (blitz)"]

1. c4 {[%emt 0:00:05]} e5 {[%emt 0:00:03]} 2. Nc3 {[%emt 0:00:04]} Nc6 {[%emt 0:00:02]} 3. g3 {[%emt 0:00:02]} Nf6 {[%emt 0:00:02]} 4. Bg2 {[%emt 0:00:02]} Rb8 {[%emt 0:00:01]} 5. e3 {[%emt 0:00:12]} g6 {[%emt 0:00:01]} 6. d4 {[%emt 0:00:10]} exd4 {[%emt 0:00:07]} 7. exd4 {[%emt 0:00:01]} Bg7 {[%emt 0:00:03]} 8. Nge2 {[%emt 0:00:03]} O-O {[%emt 0:00:02]} 9. O-O {[%emt 0:00:03]} d6 {[%emt 0:00:01]} 10. Re1 {[%emt 0:00:04]} Re8 {[%emt 0:00:02]} 11. b3 {[%emt 0:00:03]} a6 {[%emt 0:00:02]} 12. Nf4 {[%emt 0:00:02]} Qd7 {[%emt 0:00:04]} 13. Bh3 {[%emt 0:00:10]} Qd8 {[%emt 0:00:03]} 14. Bg2 {[%emt 0:00:03]} Qd7 {[%emt 0:00:01]} 15. Bb2 {[%emt 0:00:13]} b6 {[%emt 0:00:01]} 16. Rb1 {[%emt 0:00:02]} Bb7 {[%emt 0:00:01]} 17. Bh3 {[%emt 0:00:03]} Qd8 {[%emt 0:00:01]} 18. Qd2 {[%emt 0:00:04]} Bc8 {[%emt 0:00:01]} 19. Bg2 {[%emt 0:00:06]} Bb7 {[%emt 0:00:01]} 20. Rxe8+ {[%emt 0:00:06]} Qxe8 {[%emt 0:00:01]} 21. Re1 {[%emt 0:00:02]} Qd7 {[%emt 0:00:01]} 22. d5 {[%emt 0:00:07]} Ne5 {[%emt 0:00:04]} 23. Ne4 {[%emt 0:00:20]} Re8 {[%emt 0:00:02]} 24. Nxf6+ {[%emt 0:00:05]} Bxf6 {[%emt 0:00:01]} 25. Bh3 {[%emt 0:00:10]} Qe7 {[%emt 0:00:13]} 26. Bg2 {[%emt 0:00:05]} Bc8 {[%emt 0:00:05]} 27. Nd3 {[%emt 0:00:02]} Qd7 {[%emt 0:00:05]} 28. f4 {[%emt 0:00:04]} Nxd3 {[%emt 0:00:05]} 29. Rxe8+ {[%emt 0:00:12]} Qxe8 {[%emt 0:00:03]} 30. Bxf6 {[%emt 0:00:08]} Qe1+ {[%emt 0:00:21]} 31. Qxe1 {[%emt 0:00:09]} Nxe1 {[%emt 0:00:00]} 32. Kf2 {[%emt 0:00:08]} Nd3+ {[%emt 0:00:02]} 33. Ke3 {[%emt 0:00:08]} Nc1 {[%emt 0:00:06]} 34. Bd8 {[%emt 0:00:05]} Kf8 {[%emt 0:00:18]} 35. Bxc7 {[%emt 0:00:02]} Ke7 {[%emt 0:00:21]} 36. Bxb6 {[%emt 0:00:02]} Nxa2 {[%emt 0:00:01]} 37. Kd4 {[%emt 0:00:13] Berkerenkalayc80 reconnected. Black restart ok. White restart ok.} Nc1 {[%emt 0:00:13]} 38. Kc3 {[%emt 0:00:11]} Ne2+ {[%emt 0:00:04]} 39. Kb4 {[%emt 0:00:05]} Nc1 {[%emt 0:00:09]} 40. c5 {[%emt 0:00:02]} Nd3+ {[%emt 0:00:03]} 41. Kc4 {[%emt 0:00:03]} Nb2+ {[%emt 0:00:08]} 42. Kc3 {[%emt 0:00:03]} Nd1+ {[%emt 0:00:02]} 43. Kd2 {[%emt 0:00:01]} Nb2 {[%emt 0:00:08]} 44. c6 {[%emt 0:00:03]} f6 {[%emt 0:00:08]} 45. Kc3 {[%emt 0:00:02]} Nd1+ {[%emt 0:00:01]} 46. Kb4 {[%emt 0:00:03]} g5 {[%emt 0:00:11]} 47. Ka5 {[%emt 0:00:02]} g4 {[%emt 0:00:06]} 48. Bf1 {[%emt 0:00:02]} Nc3 {[%emt 0:00:12]} 49. Bxa6 {[%emt 0:00:03]} Bf5 {[%emt 0:00:11]} 50. c7 {[%emt 0:00:05]} Nxd5 {[%emt 0:00:02]} 51. c8=Q {[%emt 0:00:03]} Bxc8 {[%emt 0:00:02]} 52. Bxc8 {[%emt 0:00:01]} Nxb6 {[%emt 0:00:01]} 53. Kxb6 {[%emt 0:00:01]} h5 {[%emt 0:00:02]} 54. b4 {[%emt 0:00:02]} d5 {[%emt 0:00:02]} 55. Kc5 {[%emt 0:00:02]} Kd8 {[%emt 0:00:01]} 56. Be6 {[%emt 0:00:02]} Ke7 {[%emt 0:00:01]} 57. Bxd5 {[%emt 0:00:02]} f5 {[%emt 0:00:01]} 58. b5 {[%emt 0:00:01]} Kf6 {[%emt 0:00:01]} 59. Kc6 {[%emt 0:00:01]} h4 {[%emt 0:00:01]} 60. b6 {[%emt 0:00:02]} h3 {[%emt 0:00:04]} 61. b7 {[%emt 0:00:02]} Kg6 {[%emt 0:00:00]} 62. b8=Q {[%emt 0:00:01]} Kh6 {[%emt 0:00:01]} 63. Qd6+ {[%emt 0:00:01]} Kg7 {[%emt 0:00:02]} 64. Kd7 {[%emt 0:00:04]} Kh7 {[%emt 0:00:02]} 65. Ke7 {[%emt 0:00:04]} Kg7 {[%emt 0:00:04]} 66. Qf6+ {[%emt 0:00:02]} Kh7 {[%emt 0:00:01]} 67. Qxf5+ {[%emt 0:00:02]} Kh6 {[%emt 0:00:01]} 68. Qxg4 {[%emt 0:00:09]} Kh7 {[%emt 0:00:02]} 69. Kf7 {[%emt 0:00:02]} Kh6 {[%emt 0:00:00]} 70. Qg6# {[%emt 0:00:02] (Lag: Av=0.80s, max=1.4s)} 1-0

[Event "Is Bankasi Online Satranc Turn.19-20 YAS"]
[Site "T#646377Mustafa Kemal"]
[Date "2020.05.27"]
[Round "2"]
[White "Ahmettahainal50"]
[Black "Huseyinkaya02"]
[Result "0-1"]
[WhiteElo "1458"]
[BlackElo "1704"]
[Annotator "NA RC"]
[PlyCount "80"]
[EventDate "2020.05.27"]
[EventType "swiss (blitz)"]

1. d4 {[%emt 0:00:03]} e6 {[%emt 0:00:05]} 2. e4 {[%emt 0:00:02]} d5 {[%emt 0:00:02]} 3. exd5 {[%emt 0:00:03]} exd5 {[%emt 0:00:00]} 4. Bd3 {[%emt 0:00:01]} Nf6 {[%emt 0:00:06]} 5. Nf3 {[%emt 0:00:02]} Bd6 {[%emt 0:00:07]} 6. O-O {[%emt 0:00:02]} O-O {[%emt 0:00:00]} 7. Be3 {[%emt 0:00:03]} Bg4 {[%emt 0:00:08]} 8. h3 {[%emt 0:00:02]} Bh5 {[%emt 0:00:01]} 9. Nbd2 {[%emt 0:00:02]} Nbd7 {[%emt 0:00:03]} 10. c3 {[%emt 0:00:03]} b6 {[%emt 0:00:03]} 11. Qc2 {[%emt 0:00:02]} c5 {[%emt 0:00:03]} 12. Ng5 {[%emt 0:00:04]} Bg6 {[%emt 0:00:05]} 13. Bxg6 {[%emt 0:00:03]} hxg6 {[%emt 0:00:06]} 14. Rfe1 {[%emt 0:00:01]} Qc7 {[%emt 0:00:32]} 15. Ndf3 {[%emt 0:00:04]} Rfe8 {[%emt 0:00:22]} 16. Rad1 {[%emt 0:00:06]} c4 {[%emt 0:00:13]} 17. b3 {[%emt 0:00:03]} b5 {[%emt 0:00:02]} 18. a4 {[%emt 0:00:03]} a6 {[%emt 0:00:01]} 19. bxc4 {[%emt 0:00:07]} bxc4 {[%emt 0:00:03]} 20. Rb1 {[%emt 0:00:04]} Ne4 {[%emt 0:00:02]} 21. Nxe4 {[%emt 0:00:03]} Rxe4 {[%emt 0:00:02]} 22. Ng5 {[%emt 0:00:04]} Ree8 {[%emt 0:00:01]} 23. Rb2 {[%emt 0:00:08]} Bf4 {[%emt 0:00:03]} 24. Nf3 {[%emt 0:00:06]} Bxe3 {[%emt 0:00:13]} 25. Rxe3 {[%emt 0:00:03]} Rxe3 {[%emt 0:00:01]} 26. fxe3 {[%emt 0:00:03]} Nf6 {[%emt 0:00:02]} 27. Nd2 {[%emt 0:00:03]} Qg3 {[%emt 0:00:05]} 28. Nf1 {[%emt 0:00:04]} Qd6 {[%emt 0:00:10]} 29. Qf2 {[%emt 0:00:06]} Ne4 {[%emt 0:00:02]} 30. Qe1 {[%emt 0:00:04]} Qa3 {[%emt 0:00:05]} 31. Rc2 {[%emt 0:00:04]} Qxa4 {[%emt 0:00:02]} 32. Rb2 {[%emt 0:00:06]} Qa3 {[%emt 0:00:06]} 33. Qb1 {[%emt 0:00:06]} Nxc3 {[%emt 0:00:15]} 34. Rb8+ {[%emt 0:00:04]} Kh7 {[%emt 0:00:06]} 35. Qb7 {[%emt 0:00:04]} Rxb8 {[%emt 0:00:01]} 36. Qxb8 {[%emt 0:00:03]} Nd1 {[%emt 0:00:03]} 37. Qf4 {[%emt 0:00:07]} c3 {[%emt 0:00:07]} 38. Qxf7 {[%emt 0:00:08]} c2 {[%emt 0:00:04]} 39. Qc7 {[%emt 0:00:06]} c1=Q {[%emt 0:00:04]} 40. Qxc1 {[%emt 0:00:04] Ahmettahainal50 terk eder} Qxc1 {[%emt 0:00:02]} 0-1

[Event "Is Bankasi Online Satranc Turn.19-20 YAS"]
[Site "T#646377Mustafa Kemal"]
[Date "2020.05.27"]
[Round "3"]
[White "Huseyinkaya02"]
[Black "Halityavuzibik00"]
[Result "1-0"]
[WhiteElo "1710"]
[BlackElo "1620"]
[Annotator "NA RC"]
[PlyCount "119"]
[EventDate "2020.05.27"]
[EventType "swiss (blitz)"]

1. e4 {[%emt 0:00:04]} c5 {[%emt 0:00:01]} 2. Nf3 {[%emt 0:00:01]} d6 {[%emt 0:00:01]} 3. d4 {[%emt 0:00:01]} cxd4 {[%emt 0:00:00]} 4. Bb5+ {[%emt 0:00:07]} Bd7 {[%emt 0:00:02]} 5. Bxd7+ {[%emt 0:00:02]} Qxd7 {[%emt 0:00:06]} 6. Nxd4 {[%emt 0:00:00]} Nf6 {[%emt 0:00:03]} 7. Nc3 {[%emt 0:00:08]} g6 {[%emt 0:00:12]} 8. O-O {[%emt 0:00:03]} Bg7 {[%emt 0:00:01]} 9. Bg5 {[%emt 0:00:11]} O-O {[%emt 0:00:02]} 10. Rb1 {[%emt 0:00:14]} Nc6 {[%emt 0:00:04]} 11. Nf3 {[%emt 0:00:08]} Rac8 {[%emt 0:00:46]} 12. Re1 {[%emt 0:00:32]} Rfd8 {[%emt 0:00:08]} 13. Bxf6 {[%emt 0:00:11]} Bxf6 {[%emt 0:00:02]} 14. Nd5 {[%emt 0:00:01]} Bg7 {[%emt 0:00:02]} 15. c4 {[%emt 0:00:04]} e6 {[%emt 0:00:12]} 16. Ne3 {[%emt 0:00:06]} Ne5 {[%emt 0:00:14]} 17. b3 {[%emt 0:00:07]} Qc6 {[%emt 0:00:05]} 18. Nxe5 {[%emt 0:00:04]} Bxe5 {[%emt 0:00:03]} 19. Ng4 {[%emt 0:00:01]} Bg7 {[%emt 0:00:03]} 20. Qf3 {[%emt 0:00:02]} f5 {[%emt 0:01:00]} 21. exf5 {[%emt 0:00:04]} Qxf3 {[%emt 0:00:01]} 22. gxf3 {[%emt 0:00:02]} gxf5 {[%emt 0:00:09]} 23. Ne3 {[%emt 0:00:02]} Kf7 {[%emt 0:00:02]} 24. Rbd1 {[%emt 0:00:07]} Be5 {[%emt 0:00:04]} 25. Kf1 {[%emt 0:00:30]} Bxh2 {[%emt 0:00:04]} 26. Ke2 {[%emt 0:00:01]} Be5 {[%emt 0:00:06]} 27. Ng2 {[%emt 0:00:02]} Rg8 {[%emt 0:00:02]} 28. f4 {[%emt 0:00:10]} Bc3 {[%emt 0:00:08]} 29. Rg1 {[%emt 0:00:03]} Ke7 {[%emt 0:00:07]} 30. Rd3 {[%emt 0:00:04]} Bf6 {[%emt 0:00:01]} 31. Rg3 {[%emt 0:00:01]} Rxg3 {[%emt 0:00:01]} 32. fxg3 {[%emt 0:00:01]} Rg8 {[%emt 0:00:00]} 33. Kf3 {[%emt 0:00:01]} e5 {[%emt 0:00:02]} 34. fxe5 {[%emt 0:00:06]} dxe5 {[%emt 0:00:00]} 35. Re1 {[%emt 0:00:01]} e4+ {[%emt 0:00:01]} 36. Kf2 {[%emt 0:00:03]} Bd4+ {[%emt 0:00:01]} 37. Ne3 {[%emt 0:00:05]} Ke6 {[%emt 0:00:01]} 38. Kg2 {[%emt 0:00:05]} Bxe3 {[%emt 0:00:01]} 39. Rxe3 {[%emt 0:00:02]} Ke5 {[%emt 0:00:01]} 40. Kf2 {[%emt 0:00:01]} Rd8 {[%emt 0:00:10]} 41. Ke2 {[%emt 0:00:02]} Rg8 {[%emt 0:00:05]} 42. b4 {[%emt 0:00:07]} Kd4 {[%emt 0:00:02]} 43. c5 {[%emt 0:00:05]} Kc4 {[%emt 0:00:03]} 44. a3 {[%emt 0:00:02]} Rd8 {[%emt 0:00:02]} 45. Kf2 {[%emt 0:00:04]} Rd2+ {[%emt 0:00:02]} 46. Ke1 {[%emt 0:00:04]} Ra2 {[%emt 0:00:03]} 47. g4 {[%emt 0:00:02]} fxg4 {[%emt 0:00:03]} 48. Rxe4+ {[%emt 0:00:01]} Kd3 {[%emt 0:00:02]} 49. Rxg4 {[%emt 0:00:01]} Ke3 {[%emt 0:00:01]} 50. Rg3+ {[%emt 0:00:01]} Kf4 {[%emt 0:00:02]} 51. Rc3 {[%emt 0:00:01]} h5 {[%emt 0:00:03]} 52. b5 {[%emt 0:00:01]} Ke5 {[%emt 0:00:05]} 53. c6 {[%emt 0:00:05]} bxc6 {[%emt 0:00:01]} 54. bxc6 {[%emt 0:00:01]} Ra1+ {[%emt 0:00:00]} 55. Kf2 {[%emt 0:00:03]} Ra2+ {[%emt 0:00:01]} 56. Kg3 {[%emt 0:00:02]} Kd6 {[%emt 0:00:03]} 57. c7 {[%emt 0:00:01]} Rxa3 {[%emt 0:00:02]} 58. Rxa3 {[%emt 0:00:03]} Kxc7 {[%emt 0:00:01]} 59. Rxa7+ {[%emt 0:00:00]} Kd6 {[%emt 0:00:00]} 60. Rh7 {[%emt 0:00:01] Halityavuzibik00 terk eder (Lag: Av=0.59s, max=1.1s)} 1-0

[Event "Is Bankasi Online Satranc Turn.19-20 YAS"]
[Site "T#646377Mustafa Kemal"]
[Date "2020.05.27"]
[Round "3"]
[White "Denizeminerden78"]
[Black "Ahmettahainal50"]
[Result "0-1"]
[WhiteElo "1620"]
[BlackElo "1452"]
[Annotator "NA RC"]
[PlyCount "76"]
[EventDate "2020.05.27"]
[EventType "swiss (blitz)"]

1. e4 {[%emt 0:00:03]} e5 {[%emt 0:00:02]} 2. Nf3 {[%emt 0:00:02]} Nc6 {[%emt 0:00:01]} 3. Bc4 {[%emt 0:00:02]} Bc5 {[%emt 0:00:02]} 4. c3 {[%emt 0:00:03]} Nf6 {[%emt 0:00:03]} 5. d4 {[%emt 0:00:04]} exd4 {[%emt 0:00:02]} 6. cxd4 {[%emt 0:00:00]} Bb4+ {[%emt 0:00:01]} 7. Bd2 {[%emt 0:00:02]} Bxd2+ {[%emt 0:00:02]} 8. Qxd2 {[%emt 0:00:00]} Nxe4 {[%emt 0:00:04]} 9. Qf4 {[%emt 0:00:11]} O-O {[%emt 0:00:02]} 10. O-O {[%emt 0:00:07]} d5 {[%emt 0:00:03]} 11. Bd3 {[%emt 0:00:06]} Nf6 {[%emt 0:00:03]} 12. Ne5 {[%emt 0:00:08]} Qd6 {[%emt 0:00:07]} 13. Nc3 {[%emt 0:00:10]} a6 {[%emt 0:00:05]} 14. a4 {[%emt 0:00:06]} Nb4 {[%emt 0:00:05]} 15. Bf5 {[%emt 0:00:16]} Bxf5 {[%emt 0:00:05]} 16. Qxf5 {[%emt 0:00:00]} Qb6 {[%emt 0:00:05]} 17. Rfd1 {[%emt 0:00:15]} Nc6 {[%emt 0:00:06]} 18. Rab1 {[%emt 0:00:20]} Nxd4 {[%emt 0:00:04]} 19. Qg5 {[%emt 0:00:09]} h6 {[%emt 0:00:07]} 20. Qf4 {[%emt 0:00:10]} Ne6 {[%emt 0:00:04]} 21. Qf3 {[%emt 0:00:07]} d4 {[%emt 0:00:04]} 22. Ne4 {[%emt 0:00:02]} Nxe4 {[%emt 0:00:04]} 23. Qxe4 {[%emt 0:00:00]} Rad8 {[%emt 0:00:05]} 24. h3 {[%emt 0:00:04]} Qb3 {[%emt 0:00:05]} 25. Rd3 {[%emt 0:00:03]} Qxa4 {[%emt 0:00:03]} 26. Qxb7 {[%emt 0:00:02]} Nc5 {[%emt 0:00:08]} 27. Qf3 {[%emt 0:00:09]} Nxd3 {[%emt 0:00:02]} 28. Qxd3 {[%emt 0:00:00]} Rfe8 {[%emt 0:00:03]} 29. Nf3 {[%emt 0:00:03]} c5 {[%emt 0:00:04]} 30. Rc1 {[%emt 0:00:04]} Rc8 {[%emt 0:00:07]} 31. Rc4 {[%emt 0:00:05]} Qb5 {[%emt 0:00:04]} 32. Nd2 {[%emt 0:00:06]} Re1+ {[%emt 0:00:05]} 33. Kh2 {[%emt 0:00:01]} Rc1 {[%emt 0:00:04]} 34. Kg3 {[%emt 0:00:06]} Rxc4 {[%emt 0:00:03]} 35. Nxc4 {[%emt 0:00:00]} a5 {[%emt 0:00:05]} 36. b3 {[%emt 0:00:03]} Rb8 {[%emt 0:00:04]} 37. Qf5 {[%emt 0:00:05]} Qxb3+ {[%emt 0:00:05]} 38. Kg4 {[%emt 0:00:10]} Qxc4 {[%emt 0:00:04] Denizeminerden78 terk eder (Lag: Av=0.99s, max=1.4s)} 0-1